000 02511nab a2200301 a 4500
005 20210219163415.0
008 991125s1985 mx 000 0 spa u
035 _aUPN01000222210
049 _aART
100 1 _aImaginário, Susana
100 1 _ussimaginario@ualg.pt
100 1 _aCristo, Eurídice
100 1 _aNeves de Jesus, Saul
100 1 _aMorais, Fátima
222 0 _aAVANCES EN PSICOLOGIA LATINOAMERICANA
245 0 0 _aA criação e gestão de miniempresas na sala de aula :
_bopiniões dos alunos e professores participantes do Programa Empreender na Escola
260 _aBogotá, Colombia
300 _a23-42
362 0 _a2017 Volumen 35, número 1, enero-abril
520 3 _aEl Programa Empreender na Escola (Programa Emprender en la Escuela) es un programa de educación que busca la promoción del desarrollo de competencias en el área del emprendimiento a través de la creación y gestión, por parte de los alumnos, de microempresas de “importación/exportación” que funcionan en alianzas comerciales, intercambiando productos entre sí que serán posteriormente comercializados en la comunidad local. Realizado en el ámbito del Programa Estratégico de la “Red de Ciudades y Centros Urbanos para la Competitividad y la Innovación del Corredor Azul”, fue implementado en 12 escuelas de 7 municipios de la región de Alentejo, en Portugal, involucrando 281 alumnos y 27 profesores de primaria y bachillerato, organizados en 18 “empresas” y 9 alianzas comerciales. Recurriendo a una muestra aleatoria de alumnos y profesores participantes, buscamos conocer su opinión sobre el desarrollo del proyecto y sobre su participación a través de un cuestionario desarrollado para tal efecto. Los resultados demostraron que el establecimiento de relaciones interpersonales es un aspecto muy importante para los participantes y que debe ser mantenido y fomentado en programas de este género. Además, debe existir también una reducción de carga burocrática para que al final del primer trimestre las microempresas ya estén en condiciones de comercializar los productos “importados” de la “empresa” aliada
653 0 _aEDUCACION PARA EL EMPRENDIMIENTO
653 0 _aSALON DE CLASES
653 0 _aMICROEMPRESA
856 4 _uhttp://www.scielo.org.co/pdf/apl/v35n1/v35n1a03.pdf
856 4 _uhttp://www.redalyc.org/articulo.oa?id=79949625003
856 4 _uDoi: http://dx.doi.org/10.12804/revistas.urosario.edu.co/apl/a.3710
905 _aArticulo
999 _c194307
_d194307